[Event "ICS rated blitz match"]
[Site "204.178.125.65"]
[Date "2000.07.26"]
[Round "?"]
[White "Hossa"]
[Black "Tinker"]
[Result "0-1"]
[WhiteElo "2595"]
[BlackElo "2547"]
[PlyCount "188"]
[EventDate "2000.??.??"]

1. d4 d5 2. c4 e6 3. Nc3 Nf6 4. Bg5 Bb4 5. e3 dxc4 6. Bxc4 c6 7. Nf3 Bxc3+ 8.
bxc3 Qa5 9. O-O Ne4 10. Bf4 O-O 11. Rc1 Nxc3 12. Qd2 b5 13. Bxb5 Qxb5 14. Qxc3
Ba6 15. Rfd1 Qf5 16. Qb2 Bb5 17. Rc5 Qf6 18. Bg5 Qg6 19. Be7 Re8 20. Rg5 Qh6
21. Bd6 Nd7 22. Rc1 Kh8 23. h3 a6 24. Qc2 Nb6 25. Bf4 e5 26. Rxe5 Qg6 27. Rxe8+
Rxe8 28. Qxg6 hxg6 29. Kh2 f6 30. Nd2 Nd5 31. Bd6 Re6 32. Bc5 Bd3 33. Nc4 Kg8
34. Nd6 f5 35. Ba3 Bb5 36. g4 fxg4 37. hxg4 Nf6 38. Kh3 g5 39. Bb4 Ba4 40. Bc5
Nd7 41. Ba3 Nf6 42. Nc4 Bb5 43. Ne5 a5 44. Kg3 Ne4+ 45. Kg2 Nd6 46. Nxc6 Nc4
47. Nxa5 Nxa5 48. Rc5 Rb6 49. e4 Nb7 50. Rc8+ Kh7 51. Ra8 Be2 52. Bc1 Bxg4 53.
Bxg5 Rg6 54. Bf4 Be2+ 55. Bg3 Nd6 56. f3 Nb5 57. d5 Rf6 58. f4 Bd3 59. e5 Be4+
60. Kf2 Rb6 61. Rd8 Ra6 62. Rb8 Nc3 63. d6 Rxa2+ 64. Ke3 Bf5 65. Rf8 Kg6 66.
Rh8 Ra3 67. Bh2 Kf7 68. Kd4 Ne2+ 69. Kc5 Rd3 70. Rh5 Ke6 71. Rg5 g6 72. Rg2
Rc3+ 73. Kb6 Rc2 74. Ka5 Be4 75. Rf2 Ra2+ 76. Kb6 Rb2+ 77. Kc7 Bd5 78. Kc8 Rc2+
79. Kb8 Kd7 80. Ka7 Kc6 81. Kb8 Ra2 82. Rxe2 Rxe2 83. Bg3 Ra2 84. f5 gxf5 85.
Bf4 Ra6 86. e6 Bxe6 87. d7 Bxd7 88. Bc7 Rb6+ 89. Bxb6 Kxb6 90. Ka8 f4 91. Kb8
f3 92. Ka8 f2 93. Kb8 f1=Q 94. Ka8 Qf8# {Hossa checkmated} 0-1

[Event "ICS rated blitz match"]
[Site "204.178.125.65"]
[Date "2000.07.26"]
[Round "?"]
[White "Tinker"]
[Black "Hossa"]
[Result "1-0"]
[WhiteElo "2565"]
[BlackElo "2577"]
[PlyCount "169"]
[EventDate "2000.??.??"]

1. e4 e5 2. Nc3 Nf6 3. Nf3 Nc6 4. d4 exd4 5. Nxd4 Bb4 6. Nxc6 bxc6 7. Bg5 h6 8.
Bd2 O-O 9. Bd3 Re8 10. O-O Bxc3 11. Bxc3 Nxe4 12. Bxe4 Rxe4 13. f3 Re6 14. Qd4
Qf8 15. Rfe1 d6 16. Rxe6 Bxe6 17. Qf2 c5 18. Qg3 Bf5 19. Rc1 Re8 20. Qf4 Bg6
21. Qc4 Re7 22. Qa6 Qb8 23. a4 Re6 24. b3 d5 25. Qa5 Qb6 26. Kf1 a6 27. Qxb6
cxb6 28. Kf2 Kf8 29. Bd2 Bh7 30. c3 Rf6 31. Be3 a5 32. Ke2 Re6 33. Kd2 Rg6 34.
g3 Re6 35. Re1 Rf6 36. Rf1 g5 37. h3 Re6 38. f4 gxf4 39. Bxf4 Be4 40. Re1 h5
41. g4 hxg4 42. hxg4 Kg7 43. Re3 d4 44. Re1 d3 45. Bc7 Bd5 46. Rxe6 Bxe6 47. c4
b5 48. axb5 Bxg4 49. Kxd3 Kf6 50. Bxa5 Ke5 51. Kc3 Bd1 52. Bc7+ Ke6 53. b4
cxb4+ 54. Kxb4 Be2 55. c5 Kd5 56. c6 Bg4 57. Bf4 Bc8 58. Be3 f6 59. Bd4 f5 60.
Be5 Be6 61. Bf4 Bc8 62. Be3 Be6 63. Ka5 Bc8 64. Kb6 Kc4 65. Bf4 Be6 66. Bc1 Bc8
67. Ka5 Kc5 68. Bf4 Be6 69. Bg5 Bc8 70. Bd2 f4 71. Bxf4 Bf5 72. Be3+ Kd6 73.
Kb6 Kd5 74. Kc7 Ke4 75. b6 Be6 76. b7 Bf5 77. Kb6 Be6 78. c7 Bd5 79. c8=Q Ba2
80. b8=Q Kd3 81. Qd6+ Bd5 82. Qxd5+ Kxe3 83. Qc3+ Kf2 84. Qh1 Ke2 85. Qhf3# {
Hossa checkmated} 1-0

[Event "ICS rated blitz match"]
[Site "204.178.125.65"]
[Date "2000.07.26"]
[Round "?"]
[White "Hossa"]
[Black "Tinker"]
[Result "0-1"]
[WhiteElo "2560"]
[BlackElo "2582"]
[PlyCount "160"]
[EventDate "2000.??.??"]

1. e4 d5 2. exd5 Qxd5 3. Nc3 Qe6+ 4. Nge2 Nf6 5. d4 Qb6 6. Ng3 Bd7 7. Nge4 Nxe4
8. Nxe4 Qe6 9. Qe2 Nc6 10. c3 O-O-O 11. b4 Qg6 12. b5 Nb8 13. Nc5 e6 14. Qf3
Bxc5 15. Bd3 f5 16. dxc5 e5 17. Be2 e4 18. Qg3 Qxg3 19. hxg3 Be6 20. Bg5 Rdf8
21. Be3 Rd8 22. Bd4 Rd7 23. f3 h6 24. Rh4 Bd5 25. Rh5 Rf8 26. c6 bxc6 27. Bxa7
cxb5 28. Bxb5 c6 29. Bc5 Re8 30. Bf1 exf3+ 31. Kf2 fxg2 32. Bxg2 Bxg2 33. Kxg2
Rd2+ 34. Kf1 Rd3 35. Bf2 Rf8 36. Re1 Rxc3 37. Re7 f4 38. gxf4 Rxf4 39. Rxg7
Rc1+ 40. Ke2 Rc2+ 41. Ke3 Rcxf2 42. Rxh6 R4f3+ 43. Ke4 Rf8 44. Ra7 R2f4+ 45.
Ke3 c5 46. Rhh7 Rf3+ 47. Ke4 R8f4+ 48. Kd5 Rf5+ 49. Ke6 Rf6+ 50. Kd5 R3f5+ 51.
Kc4 Rd6 52. Rac7+ Kd8 53. Rxc5 Rf4+ 54. Kc3 Nc6 55. Rb5 Rf3+ 56. Kc4 Rd4+ 57.
Kc5 Rc3+ 58. Kb6 Rd6 59. Rb2 Nd4+ 60. Kb7 Rd5 61. Rb6 Ke8 62. Ra6 Rd7+ 63. Rxd7
Kxd7 64. Rb6 Rc7+ 65. Ka8 Rc5 66. Rb7+ Kd6 67. Rb6+ Kc7 68. Rb7+ Kc6 69. a4
Ra5+ 70. Ra7 Rd5 71. Ra6+ Kc7 72. Ra7+ Kc8 73. Rg7 Nc6 74. Rg8+ Kc7 75. Rg7+
Kb6 76. Rb7+ Ka6 77. Rb8 Rd7 78. Rb6+ Kxb6 79. a5+ Kb5 80. a6 Ra7# {
Hossa checkmated} 0-1

[Event "ICS rated blitz match"]
[Site "204.178.125.65"]
[Date "2000.07.26"]
[Round "?"]
[White "Tinker"]
[Black "Hossa"]
[Result "0-1"]
[WhiteElo "2597"]
[BlackElo "2545"]
[PlyCount "126"]
[EventDate "2000.??.??"]

1. e4 d5 2. e5 c5 3. c3 Nc6 4. d4 cxd4 5. cxd4 Bf5 6. Nc3 e6 7. g4 Be4 8. Nxe4
dxe4 9. Ne2 Bb4+ 10. Bd2 Bxd2+ 11. Qxd2 Qd5 12. Rg1 Rd8 13. Rd1 Qxa2 14. Nc3
Qb3 15. Bb5 Nge7 16. Rg3 O-O 17. Bxc6 Nxc6 18. Nxe4 Qd5 19. Nd6 f6 20. Kf1 fxe5
21. dxe5 Qxe5 22. Kg1 Rf4 23. Re3 Rxg4+ 24. Kh1 Qf6 25. Qe1 b6 26. Ne4 Qg6 27.
Rxd8+ Nxd8 28. f3 Rg2 29. Rd3 Nc6 30. Qd1 h6 31. b3 Rb2 32. Rd2 Rxd2 33. Qxd2
e5 34. Qd5+ Kh7 35. Nd2 a6 36. h3 Nd4 37. Qxe5 Nxb3 38. Nxb3 Qb1+ 39. Kg2 Qxb3
40. Qe4+ g6 41. Qb7+ Kg8 42. Qxa6 Qb2+ 43. Kg3 Qe5+ 44. Kf2 Qh2+ 45. Ke3 Qg1+
46. Ke4 Qb1+ 47. Kd4 Qb2+ 48. Ke4 Qb4+ 49. Ke3 Qe1+ 50. Kd4 Qh4+ 51. Ke3 Qe7+
52. Kf2 Qc5+ 53. Ke2 Qc2+ 54. Ke3 Qc1+ 55. Kf2 Qd2+ 56. Qe2 Qxe2+ 57. Kxe2 Kf7
58. h4 Ke6 59. Kd3 Kf5 60. Kd2 g5 61. Ke2 gxh4 62. Kf2 Kf4 63. Ke2 h3 {
Tinker resigns} 0-1

[Event "ICS rated blitz match"]
[Site "204.178.125.65"]
[Date "2000.07.26"]
[Round "?"]
[White "Hossa"]
[Black "PostModernist"]
[Result "0-1"]
[WhiteElo "2563"]
[BlackElo "2674"]
[PlyCount "148"]
[EventDate "2000.??.??"]

1. d4 Nf6 2. c4 e6 3. Nc3 Bb4 4. Qc2 c5 5. dxc5 O-O 6. a3 Bxc5 7. b4 Be7 8. Nf3
Nc6 9. g3 d5 10. cxd5 exd5 11. Bg2 d4 12. Ne4 Re8 13. Nfd2 Bg4 14. h3 Bh5 15.
Qd3 Qd7 16. Nxf6+ Bxf6 17. Ne4 Be7 18. Bf4 f5 19. Nc3 Rad8 20. Na2 Bf6 21. Nc1
g5 22. g4 fxg4 23. Bg3 gxh3 24. Bxh3 Qd5 25. Bg2 Qf7 26. Ra2 Bg6 27. Qb3 Qxb3
28. Nxb3 d3 29. Rd2 Bc3 30. e3 Rc8 31. Bd5+ Kh8 32. O-O Bxd2 33. Nxd2 h5 34.
Nf3 h4 35. Nxh4 gxh4 36. Bxh4 Be4 37. Bf7 Rf8 38. Be6 Rc7 39. Bg3 Rh7 40. f4
Rh1+ 41. Kf2 Rxf1+ 42. Kxf1 d2 43. Ke2 Rd8 44. Bb3 Bg6 45. Bh4 d1=B+ 46. Bxd1
Bh5+ 47. Kf2 Rxd1 48. Bg5 b5 49. f5 Rd3 50. a4 bxa4 51. b5 Nd8 52. Bf6+ Kh7 53.
Kg3 a3 54. Kf4 a2 55. Kg5 Be2 56. Kf4 Rd1 57. Bb2 a1=B 58. Bxa1 Rxa1 59. e4
Bxb5 60. Ke3 Rd1 61. e5 a5 62. e6 a4 63. e7 Nb7 64. f6 Kg6 65. e8=R Bxe8 66. f7
Bxf7 67. Ke4 a3 68. Kf4 a2 69. Kf3 a1=Q 70. Ke2 Bd5 71. Kf2 Qf6+ 72. Kg3 Rd2
73. Kg4 Be6+ 74. Kg3 Qf2# {Hossa checkmated} 0-1

[Event "ICS rated blitz match"]
[Site "204.178.125.65"]
[Date "2000.07.26"]
[Round "?"]
[White "Tinker"]
[Black "Hossa"]
[Result "1-0"]
[WhiteElo "2579"]
[BlackElo "2552"]
[PlyCount "159"]
[EventDate "2000.??.??"]

1. e4 d5 2. e5 c5 3. c3 Nc6 4. d4 cxd4 5. cxd4 Bf5 6. Nf3 e6 7. Nc3 a6 8. Be3
Nge7 9. Nh4 Be4 10. Qd2 Nc8 11. Be2 Bb4 12. Nf3 Nb6 13. O-O Nc4 14. Qc1 Nxe3
15. Qxe3 Bg6 16. a3 Be7 17. Rac1 O-O 18. Rfd1 Rc8 19. Na4 f6 20. Nc5 Bxc5 21.
Rxc5 Bh5 22. Rdc1 Bxf3 23. Bxf3 fxe5 24. dxe5 Qh4 25. h3 Rc7 26. Bg4 Qe7 27.
Qd2 Qe8 28. Qg5 b6 29. R5c2 Qd7 30. Qe3 Rb8 31. Be2 b5 32. Bd3 a5 33. Qc5 Qf7
34. Qd6 Rf8 35. f3 Rd7 36. Qxc6 b4 37. Qb6 Rb7 38. Qxa5 Qf4 39. Qa6 Rbf7 40.
axb4 Qe3+ 41. Kh1 Qxe5 42. Re2 Qd4 43. Rd1 Qxb4 44. Qxe6 d4 45. Bc4 Kh8 46.
Rxd4 Ra7 47. Qd6 Qxd6 48. Rxd6 g6 49. Kh2 Rb8 50. Rd4 Rc7 51. Bd5 Rd7 52. b4
Kg7 53. Kg3 h6 54. Re5 h5 55. Kf4 Rf8+ 56. Kg5 Rfd8 57. f4 Rf8 58. Rc4 Kh7 59.
Rc6 Rg7 60. Be4 Kh8 61. Bxg6 h4 62. Re4 Kg8 63. Kxh4 Rb7 64. g4 Rfb8 65. Rcc4
Kg7 66. Be8 Kf8 67. Bc6 Rb6 68. Kg5 Rc8 69. Re6 Rd8 70. Kg6 Rbb8 71. f5 Kg8 72.
f6 Rf8 73. Rf4 Kh8 74. g5 Rg8+ 75. Kf5 Rgf8 76. Re7 Rf7 77. Rxf7 Kg8 78. Bd5
Rxb4 79. Rxb4 Kh8 80. Rb8# {Hossa checkmated} 1-0

[Event "ICS rated blitz match"]
[Site "204.178.125.65"]
[Date "2000.07.26"]
[Round "?"]
[White "Hossa"]
[Black "Tinker"]
[Result "0-1"]
[WhiteElo "2537"]
[BlackElo "2594"]
[PlyCount "122"]
[EventDate "2000.??.??"]

1. d4 d5 2. c4 e6 3. Nc3 Nf6 4. Nf3 Ne4 5. cxd5 exd5 6. e3 Bb4 7. Qb3 a5 8. a3
Bxc3+ 9. bxc3 O-O 10. c4 c6 11. a4 Re8 12. cxd5 cxd5 13. Bd3 Nc6 14. Ba3 Ng5
15. Nxg5 Qxg5 16. Kf1 Kh8 17. Bc5 Bf5 18. Bxf5 Qxf5 19. Qxb7 Qd3+ 20. Ke1 Nxd4
21. Bxd4 Qxd4 22. Rd1 Qxa4 23. Qxd5 Qc2 24. Qd3 Qc7 25. Qd7 Qc2 26. Qd3 Qc6 27.
Qd5 Qg6 28. Rf1 a4 29. h4 Qb6 30. Rd2 Rad8 31. Qc4 Rxd2 32. Kxd2 Qb2+ 33. Kd3
Rd8+ 34. Ke4 Qb7+ 35. Kf4 Qxg2 36. Qb5 Qh3 37. h5 f5 38. Ke5 Qh2+ 39. Ke6 Qxh5
40. Rg1 Qh6+ 41. Kxf5 Qh5+ 42. Rg5 Qf3+ 43. Ke5 Qxf2 44. Ke4 Qc2+ 45. Kf4 Rf8+
46. Kg3 Qf2+ 47. Kg4 Qxe3 48. Rf5 Qe4+ 49. Kg3 Qxf5 50. Qxf5 Rxf5 51. Kg4 h5+
52. Kxf5 a3 53. Ke4 a2 54. Kd3 h4 55. Kc2 a1=Q 56. Kd3 h3 57. Ke4 h2 58. Kd3
h1=Q 59. Ke3 Qe5+ 60. Kd3 Qb1+ 61. Kc4 Qbb5# {Hossa checkmated} 0-1

[Event "ICS rated blitz match"]
[Site "204.178.125.65"]
[Date "2000.07.26"]
[Round "?"]
[White "PostModernist"]
[Black "Hossa"]
[Result "1-0"]
[WhiteElo "2687"]
[BlackElo "2524"]
[PlyCount "71"]
[EventDate "2000.??.??"]

1. d4 d5 2. Nf3 Nf6 3. e3 e6 4. Bd3 Bd7 5. Nbd2 Be7 6. e4 dxe4 7. Nxe4 Nxe4 8.
Bxe4 Bc6 9. Bd3 Nd7 10. Qe2 O-O 11. Be3 Nf6 12. O-O Ng4 13. Bf4 a6 14. Rfe1 Bd6
15. Bxh7+ Kh8 16. Bxd6 cxd6 17. Be4 d5 18. Bd3 Nf6 19. Ng5 Qc7 20. Qe3 Kg8 21.
a4 b6 22. Qh3 Rfe8 23. Re5 Qd7 24. Kh1 Re7 25. b3 Qc7 26. Bh7+ Kf8 27. Rae1 Bd7
28. Bd3 Kg8 29. Nh7 Ne8 30. Rh5 f5 31. Ng5 Qxh2+ 32. Qxh2 g6 33. Rh8+ Kg7 34.
Qh6+ Kf6 35. Rf8+ Rf7 36. Rxf7# {Hossa checkmated} 1-0

[Event "ICS rated blitz match"]
[Site "204.178.125.65"]
[Date "2000.07.26"]
[Round "?"]
[White "Hossa"]
[Black "Tinker"]
[Result "1/2-1/2"]
[WhiteElo "2515"]
[BlackElo "2607"]
[PlyCount "144"]
[EventDate "2000.??.??"]

1. e4 d5 2. e5 Bf5 3. d4 e6 4. Nf3 Nc6 5. Be2 f6 6. O-O fxe5 7. Nxe5 Nxe5 8.
dxe5 Bc5 9. Bh5+ g6 10. Bf3 h5 11. a3 Qh4 12. Nc3 O-O-O 13. g3 Qc4 14. Be2 Qd4
15. Bg5 Rf8 16. Be3 Qxd1 17. Raxd1 Bxe3 18. fxe3 Ne7 19. Nb5 Nc6 20. c4 dxc4
21. Bxc4 Nxe5 22. Be2 Kb8 23. Rf2 Ng4 24. Bxg4 Bxg4 25. Rd7 Rxf2 26. Kxf2 a6
27. Nc3 Rf8+ 28. Ke1 Kc8 29. Rg7 Rf3 30. Nd1 Bf5 31. Ke2 Bg4 32. Ke1 Rf6 33.
Nf2 Bf3 34. Nd3 b6 35. Ne5 Be4 36. Ke2 Bc2 37. Rg8+ Kb7 38. h4 Bb1 39. Re8 Bf5
40. Kd2 a5 41. Nd7 Rf7 42. Ne5 Rg7 43. Ke2 g5 44. Kf3 gxh4 45. gxh4 Bg4+ 46.
Kf4 Bf5 47. Kf3 b5 48. b4 axb4 49. axb4 Rg1 50. e4 Bh3 51. Nd7 c6 52. Nc5+ Kc7
53. Rh8 Bg4+ 54. Kf4 Rh1 55. Kg5 Rf1 56. Rg8 Kd6 57. Kg6 Rg1 58. Kf6 Rf1+ 59.
Kg6 Ke7 60. e5 Rf4 61. Rg7+ Kf8 62. Rb7 Bf5+ 63. Kxh5 Rxb4 64. Rc7 Ke8 65. Rxc6
Rc4 66. Rc8+ Ke7 67. Rc7+ Ke8 68. Kg5 b4 69. Rc8+ Ke7 70. Rc7+ Ke8 71. Rc8+ Ke7
72. Rc7+ Ke8 1/2-1/2

[Event "ICS rated blitz match"]
[Site "204.178.125.65"]
[Date "2000.07.26"]
[Round "?"]
[White "Tinker"]
[Black "Hossa"]
[Result "1-0"]
[WhiteElo "2603"]
[BlackElo "2519"]
[PlyCount "125"]
[EventDate "2000.??.??"]

1. e4 e5 2. Nc3 Nf6 3. Nf3 Nc6 4. d4 exd4 5. Nxd4 Bc5 6. Nxc6 bxc6 7. Qe2 O-O
8. Bg5 d6 9. O-O-O h6 10. Be3 Bb4 11. Bd2 a5 12. Qe1 a4 13. a3 Bc5 14. Be3
Bxe3+ 15. Qxe3 Ng4 16. Qg3 f5 17. Bc4+ Kh8 18. f4 fxe4 19. Nxe4 Rb8 20. h3 Nf6
21. Nc5 Nh5 22. Qc3 Qh4 23. Nxa4 Qxf4+ 24. Kb1 Ng3 25. Rd4 Qf2 26. Re1 Ra8 27.
b3 d5 28. Bd3 Ra7 29. Rd1 Bd7 30. Qc5 Raa8 31. Rh4 Qf6 32. Rb4 Qe5 33. Nc3 Rf6
34. Ra4 Rxa4 35. bxa4 Kg8 36. a5 Rf8 37. a6 Rb8+ 38. Ka2 Ra8 39. a7 Be8 40. Rb1
Rxa7 41. Qxa7 d4 42. Na4 Bf7+ 43. Ka1 Bd5 44. Bg6 d3+ 45. c3 Kf8 46. Rb8+ Ke7
47. Re8+ Kf6 48. Rxe5 Kxe5 49. Qxc7+ Kf6 50. Qd6+ Be6 51. Qxg3 d2 52. Bh5 d1=Q+
53. Bxd1 g6 54. Qh4+ Kf7 55. Nc5 Bd5 56. c4 Be6 57. Qf4+ Bf5 58. g4 Ke7 59.
gxf5 gxf5 60. Qxh6 Kf7 61. Bh5+ Kg8 62. Ne6 f4 63. Qg7# {Hossa checkmated} 1-0

[Event "ICS rated blitz match"]
[Site "204.178.125.65"]
[Date "2000.07.26"]
[Round "?"]
[White "Hossa"]
[Black "Tinker"]
[Result "0-1"]
[WhiteElo "2507"]
[BlackElo "2615"]
[PlyCount "112"]
[EventDate "2000.??.??"]

1. d4 d5 2. Nf3 Nf6 3. e3 Bf5 4. Bd3 Bxd3 5. cxd3 e6 6. Nc3 Nc6 7. O-O Qd7 8.
Ne5 Nxe5 9. dxe5 Ng8 10. Bd2 O-O-O 11. Qh5 g6 12. Qf3 Nh6 13. Rac1 Kb8 14. a4
Bg7 15. d4 a6 16. b4 Nf5 17. b5 a5 18. Ne2 b6 19. Rc6 Ne7 20. Rc2 Bh6 21. Rfc1
Rc8 22. Be1 Bg5 23. h4 Bh6 24. g4 Rhf8 25. Qh3 Bg7 26. f4 Rg8 27. Qf3 c6 28.
bxc6 Rxc6 29. Nc3 Rc4 30. Rb1 Nc8 31. g5 Qc6 32. Rbc1 Bf8 33. f5 gxf5 34. Qh5
Rg7 35. Qh6 Kb7 36. Bg3 Ne7 37. Qh5 f4 38. Bxf4 Nf5 39. Qd1 Ba3 40. Qe1 Bxc1
41. Qxc1 Rg8 42. g6 hxg6 43. Bg5 Rc8 44. e4 dxe4 45. Rb2 Rxc3 46. Qd1 Nxh4 47.
Bf4 g5 48. Bd2 Rg3+ 49. Kh2 Rg2+ 50. Kh1 e3 51. Rxb6+ Qxb6 52. Bxe3 Rcc2 53.
Bg1 Qb3 54. Qd3 Qxd3 55. d5 Qh3+ 56. Bh2 Qxh2# 0-1

[Event "ICS rated blitz match"]
[Site "204.178.125.65"]
[Date "2000.07.26"]
[Round "?"]
[White "Tinker"]
[Black "Hossa"]
[Result "1-0"]
[WhiteElo "2626"]
[BlackElo "2496"]
[PlyCount "197"]
[EventDate "2000.??.??"]

1. e4 e6 2. d4 d5 3. Nc3 Bb4 4. e5 Ne7 5. Bd2 c6 6. Nf3 b6 7. a3 Bxc3 8. Bxc3
Ba6 9. Bxa6 Nxa6 10. Qd3 Nc7 11. O-O c5 12. dxc5 bxc5 13. Ng5 Ng6 14. Qg3 Nb5
15. Nh3 Qh4 16. Qxh4 Nxh4 17. Rab1 Rb8 18. Ba5 Nd4 19. Nf4 Ng6 20. Nxg6 hxg6
21. Bd2 Ne2+ 22. Kh1 Rh5 23. Rfe1 Nd4 24. c3 Nb3 25. Rbd1 Kd7 26. Bf4 Rbh8 27.
Kg1 g5 28. Bg3 c4 29. f3 Nc5 30. Re2 Kc7 31. Kf2 Nd3+ 32. Ke3 Rb8 33. b4 Rhh8
34. Red2 Rb6 35. Kd4 Kb7 36. a4 Ra6 37. Ra2 Rc6 38. Rb1 Rc7 39. b5 Ra8 40. h4
gxh4 41. Bxh4 Rh8 42. Bg3 Rcc8 43. a5 Rb8 44. Rd2 g6 45. Rdd1 Kc7 46. Rf1 g5
47. Ke3 Rb7 48. f4 g4 49. f5 Kd8 50. b6 Ke7 51. a6 Rxb6 52. Rxb6 axb6 53. fxe6
fxe6 54. Rb1 Rb8 55. Rh1 Kd7 56. a7 Ra8 57. Rh7+ Kc6 58. Re7 Kb5 59. Rxe6 Rxa7
60. Rg6 Ra2 61. e6 Nc1 62. Bh4 Re2+ 63. Kd4 Na2 64. e7 Re4+ 65. Kxd5 Nxc3+ 66.
Kd6 Ka6 67. Bf6 Nb5+ 68. Kd7 Na7 69. Rg7 b5 70. e8=Q Rxe8 71. Kxe8 b4 72. Rxg4
Kb5 73. Rg7 Nc6 74. Rg3 Kc5 75. Kd7 b3 76. Rg5+ Kb6 77. g4 Nb8+ 78. Kd6 Nc6 79.
Rc5 Na7 80. Rxc4 Nb5+ 81. Kd7 Na3 82. Rb4+ Ka5 83. Rxb3 Nc2 84. Kc6 Ka4 85. Kc5
Kxb3 86. g5 Ne3 87. g6 Nf5 88. Kd5 Kb4 89. Ke6 Ne3 90. g7 Ka4 91. Bd4 Nc4 92.
Kd5 Kb4 93. g8=Q Nd2 94. Qb8+ Ka3 95. Qb2+ Ka4 96. Bc5 Nb3 97. Qa3+ Kb5 98.
Qb4+ Ka6 99. Qb6# {Hossa checkmated} 1-0

[Event "ICS rated blitz match"]
[Site "204.178.125.65"]
[Date "2000.07.26"]
[Round "?"]
[White "Hossa"]
[Black "Tinker"]
[Result "1-0"]
[WhiteElo "2486"]
[BlackElo "2636"]
[PlyCount "95"]
[EventDate "2000.??.??"]

1. e4 d5 2. e5 Bf5 3. d4 e6 4. Nf3 a6 5. Be2 Nc6 6. O-O f6 7. exf6 Nxf6 8. Nh4
Be7 9. Nxf5 exf5 10. Re1 Qd7 11. c3 Ne4 12. f3 Nd6 13. Qb3 Qe6 14. Bf4 O-O-O
15. Nd2 Qf7 16. Qa4 Nb8 17. Bd3 Bh4 18. g3 Be7 19. b4 b5 20. Qc2 g5 21. Bxd6
Rxd6 22. Bxf5+ Nd7 23. a4 c6 24. axb5 cxb5 25. Nb3 Rf6 26. Bh3 Kd8 27. Qe2 Rf8
28. Be6 Rxe6 29. Qxe6 Qxe6 30. Rxe6 Rxf3 31. Nc5 Nxc5 32. dxc5 Bf6 33. Rd6+ Kc7
34. Raxa6 Bxc3 35. Ra7+ Kc8 36. Rxd5 g4 37. c6 Bb2 38. Rdd7 Ra3 39. Rac7+ Kb8
40. Rb7+ Kc8 41. Rdc7+ Kd8 42. Rf7 Bd4+ 43. Kg2 Ra2+ 44. Kf1 Rf2+ 45. Rxf2 Bxf2
46. Kxf2 Kc8 47. Rxh7 Kb8 48. Ke3 {Tinker resigns} 1-0

[Event "ICS rated standard match"]
[Site "204.178.125.65"]
[Date "2000.07.26"]
[Round "?"]
[White "Hossa"]
[Black "Bombo"]
[Result "1-0"]
[WhiteElo "2220"]
[BlackElo "1974"]
[PlyCount "33"]
[EventDate "2000.??.??"]

1. e4 c5 2. Nf3 Nc6 3. Bb5 g6 4. O-O Bg7 5. Bxc6 dxc6 6. d3 h6 7. e5 Bg4 8. Qe2
Qc7 9. Nbd2 h5 10. h3 Bf5 11. a4 e6 12. Nc4 Bf8 13. Bf4 Nf6 14. Nd6+ Bxd6 15.
exd6 Qb6 16. Qe5 Qd8 17. Bg5 1-0

[Event "ICS rated standard match"]
[Site "204.178.125.65"]
[Date "2000.07.26"]
[Round "?"]
[White "bawon"]
[Black "Hossa"]
[Result "1-0"]
[WhiteElo "2062"]
[BlackElo "2226"]
[PlyCount "169"]
[EventDate "2000.??.??"]

1. e4 e6 2. d4 d5 3. Nc3 Nf6 4. Bg5 Be7 5. e5 Nfd7 6. h4 Bxg5 7. hxg5 c5 8. f4
Nc6 9. Nb5 Nxd4 10. Nxd4 cxd4 11. Qxd4 Qa5+ 12. c3 Nf8 13. Bd3 Rb8 14. Nf3 b5
15. Qb4 Qxb4 16. cxb4 a6 17. Nd4 Bd7 18. Kd2 Ng6 19. Bxg6 fxg6 20. Rh3 h5 21.
g4 O-O 22. Rf1 hxg4 23. Rc3 Rbd8 24. Ke3 Kf7 25. Kf2 Rc8 26. Rfc1 Rc4 27. Rxc4
bxc4 28. Kg3 Rh8 29. Kxg4 Rh2 30. Rc2 Rh1 31. Rd2 Ba4 32. b3 cxb3 33. axb3 Bd7
34. Kf3 Rh3+ 35. Ke2 Bb5+ 36. Kf2 Rh1 37. Rc2 Rh2+ 38. Ke3 Rxc2 39. Nxc2 Ke7
40. Kd4 Kf7 41. Kc5 Bd3 42. Nd4 Ke7 43. Kc6 Bf1 44. Kc7 Bb5 45. Kc8 Bf1 46.
Nc6+ Ke8 47. Kc7 Bb5 48. Nd4 Ke7 49. Kb6 Bd3 50. Kc6 Bf1 51. Kc7 Bb5 52. Kb6
Bd3 53. Kc7 Bb5 54. Kc8 Bf1 55. Kc7 Bb5 56. Kb6 Bd3 57. Kc6 Bf1 58. Kc7 Bb5 59.
Kb6 Bd3 60. Nc6+ Ke8 61. Nd4 Ke7 62. Kc7 Bb5 63. Kb6 Bd3 64. Nc6+ Ke8 65. Kc7
Bb5 66. Nd4 Ke7 67. Kc8 Kf7 68. Kd8 Bd3 69. Kd7 Bf1 70. Kd6 Bh3 71. b5 axb5 72.
Nxb5 Bg4 73. Nd4 Ke8 74. Kc7 Bh3 75. b4 Bf1 76. b5 Kf7 77. b6 Ba6 78. b7 Ke7
79. b8=Q Kf7 80. Qa7 Kg8 81. Qxa6 Kh8 82. Nxe6 Kg8 83. Qd6 d4 84. Qf8+ Kh7 85.
Qxg7# {Hossa checkmated} 1-0

[Event "ICS rated standard match"]
[Site "204.178.125.65"]
[Date "2000.07.26"]
[Round "?"]
[White "loekielion"]
[Black "Hossa"]
[Result "0-1"]
[WhiteElo "1963"]
[BlackElo "2203"]
[PlyCount "60"]
[EventDate "2000.??.??"]

1. e4 e6 2. d4 d5 3. Nc3 Nf6 4. Bg5 dxe4 5. Nxe4 Be7 6. Bxf6 Bxf6 7. Nf3 O-O 8.
c3 Be7 9. Qc2 b6 10. Bd3 Bb7 11. O-O-O Nd7 12. h4 c5 13. dxc5 Bc6 14. Neg5 g6
15. Rh3 Qc7 16. Nxh7 Bxf3 17. Rxf3 Kxh7 18. Bxg6+ fxg6 19. h5 Ne5 20. hxg6+ Kg8
21. Rh3 Bxc5 22. Rdh1 Qc6 23. g7 Rf5 24. Rh8+ Kxg7 25. R8h7+ Kf8 26. g4 Rxf2
27. Qb3 Be3+ 28. Kb1 Qe4+ 29. Ka1 Qxh7 30. Qb4+ Bc5 {loekielion resigns} 0-1

[Event "ICS Rated standard match"]
[Site "204.178.125.65"]
[Date "2000.07.26"]
[Round "?"]
[White "Hossa"]
[Black "PostModernist"]
[Result "0-1"]
[WhiteElo "2209"]
[BlackElo "2353"]
[PlyCount "190"]
[EventDate "2000.??.??"]

1. e4 g6 2. d4 Bg7 3. Nc3 e6 4. Be3 d5 5. Nf3 dxe4 6. Nxe4 Bd7 7. Nc5 Bc6 8.
Ne5 b6 9. Na6 Ne7 10. Nxc6 Nbxc6 11. c3 O-O 12. Bb5 Qd5 13. Be2 Qxg2 14. Bf3
Qh3 15. Qe2 Rac8 16. O-O-O Qf5 17. h4 Nd5 18. h5 Nb8 19. h6 Bf6 20. Bg4 Qe4 21.
Nxb8 Nxe3 22. Bf3 Qf5 23. fxe3 Rxb8 24. Bc6 Be7 25. Rdf1 Qg5 26. Kb1 Rfd8 27.
e4 Rd6 28. Qf3 Qf6 29. Qd3 Qg5 30. Bb5 Rdd8 31. Qf3 Rf8 32. Bc6 b5 33. Rf2 Rb6
34. Bd7 a6 35. Rg2 Qf6 36. Qxf6 Bxf6 37. e5 Rd8 38. exf6 Rxd7 39. b4 Rd5 40.
Rf2 Rf5 41. Rff1 Rd6 42. Kc2 Rdd5 43. Kb3 Kf8 44. a4 bxa4+ 45. Kxa4 Ke8 46. Kb3
g5 47. Ra1 a5 48. bxa5 Rxa5 49. Rxa5 Rxa5 50. Rg1 Rf5 51. Kc4 Kd7 52. Rg2 Kd6
53. Rg1 Rxf6 54. Rxg5 Rxh6 55. Rg7 f6 56. Rf7 e5 57. Kd3 c6 58. Rf8 exd4 59.
cxd4 Rg6 60. Rd8+ Ke6 61. Re8+ Kf7 62. Rc8 f5 63. Rc7+ Kg8 64. Rc8+ Kg7 65.
Rc7+ Kh6 66. Rf7 Kg5 67. Rxh7 f4 68. Re7 Kh4 69. Re1 Rf6 70. Rh1+ Kg3 71. Rg1+
Kh2 72. Rg8 f3 73. Rh8+ Kg2 74. Rg8+ Kf1 75. Kd2 f2 76. Rg7 Rf4 77. d5 cxd5 78.
Rg8 Rd4+ 79. Kc3 Ke1 80. Kxd4 f1=Q 81. Re8+ Kd2 82. Kc5 Qc4+ 83. Kd6 d4 84. Rh8
d3 85. Rh5 Qf4+ 86. Kc5 Kc3 87. Kb6 Qd6+ 88. Kb7 d2 89. Rh8 d1=Q 90. Rh3+ Kb2
91. Rh2+ Qxh2 92. Kc6 Qhd6+ 93. Kb7 Qh1+ 94. Ka7 Qc7+ 95. Ka6 Qhc6# {
Hossa checkmated} 0-1

[Event "ICS rated blitz match"]
[Site "204.178.125.65"]
[Date "2000.07.27"]
[Round "?"]
[White "Tinker"]
[Black "Hossa"]
[Result "0-1"]
[WhiteElo "2591"]
[BlackElo "2509"]
[PlyCount "174"]
[EventDate "2000.??.??"]

1. e4 e6 2. d4 d5 3. Nc3 Nf6 4. e5 Nfd7 5. Nf3 Be7 6. Bf4 Nb6 7. Qd2 Nc6 8.
O-O-O Bd7 9. Bd3 Nb4 10. Be2 a6 11. a3 Nc6 12. Bd3 Na7 13. Ne2 c5 14. dxc5 Bxc5
15. Nc3 Nc6 16. Bg5 Qc7 17. Qf4 Bxf2 18. Rhf1 Bc5 19. Qg3 Rc8 20. Bf4 g6 21.
Bg5 h6 22. Bf6 Rg8 23. Kb1 Ne7 24. Qh4 h5 25. g3 Bc6 26. Qg5 Nd7 27. Nd2 Qb6
28. Qf4 Nf5 29. Bxf5 gxf5 30. Nb3 Be3 31. Qh4 d4 32. Na2 Bg2 33. Rfe1 Bf3 34.
Rd3 Nxf6 35. exf6 Bg4 36. Rdxe3 dxe3 37. h3 Bf3 38. Nc3 Qd6 39. Rxe3 Qxg3 40.
Qb4 Rc7 41. Ka2 Rd7 42. Qc4 Qc7 43. Qxc7 Rxc7 44. Rxf3 Rg6 45. Nd4 Rc4 46. Nce2
Rxf6 47. c3 Rc8 48. Rg3 h4 49. Rg5 Rh6 50. Rg8+ Kd7 51. Rxc8 Kxc8 52. Nf4 a5
53. Nf3 Kc7 54. b4 axb4 55. axb4 Rh8 56. Kb3 b5 57. Ng5 Re8 58. Nxf7 Re7 59.
Ne5 Kd6 60. Nf3 Rf7 61. c4 bxc4+ 62. Kxc4 e5 63. Ng6 e4 64. Nd4 f4 65. Nb5+ Ke6
66. Nd4+ Kd6 67. Nb5+ Ke6 68. Nc3 f3 69. Nxe4 Kf5 70. Kd4 Kxg6 71. Ke3 Rf5 72.
Nf2 Kf6 73. Nd3 Ke6 74. Nf2 Kd5 75. Ng4 Kc6 76. Kf2 Rf4 77. b5+ Kxb5 78. Nh2
Kc5 79. Nxf3 Ra4 80. Ke2 Kd6 81. Ng5 Ra2+ 82. Kf3 Ke5 83. Nf7+ Ke6 84. Nd8+ Kf5
85. Nb7 Rh2 86. Nd6+ Ke6 87. Ne4 Rxh3+ {Tinker resigns} 0-1